000 00633nam a2200253Ia 4500
003 OSt
005 20221007110124.0
006 a|||||r|||| 00| 0
007 ta
008 221006b |||||||| |||| 00| 0 eng d
024 _a20,416
037 _cTextual
040 _aLCO
_cLCO
_beng
041 _2eng
_aeng
082 _aZ2,12, N5
100 _aSubbarao G.C.V
_9632028
245 0 _aFamily Law in India
250 _a7th
260 _aHyderabad
_bS. Gogia & Co. India
_c1995
300 _a606
650 _aFAMILY LAW
_9681480
942 _hZ2,12, N5
_cTEXL
999 _c1189979
_d1189979